| 000 | 01029cam a22003373a 4500 | ||
|---|---|---|---|
| 001 | 37279 | ||
| 003 | PGUSA | ||
| 005 | 20140828083822.0 | ||
| 008 | 110831s2011||||xxu|||||s|||||000 | eng d | ||
| 040 |
_aPGUSA _beng |
||
| 042 | _adc | ||
| 050 | 4 | _aPR | |
| 100 | 1 |
_aShakespeare, William, _d1564-1616 |
|
| 245 | 1 | 0 |
_aHamleto, Reĝido de Danujo _h[electronic resource] / _cWilliam Shakespeare |
| 260 |
_bProject Gutenberg, _c2011 |
||
| 506 | _aPublic domain in the USA. | ||
| 516 | _aElectronic text | ||
| 653 | _aKings and rulers -- Succession -- Drama | ||
| 653 | _aTragedies | ||
| 653 | _aFathers -- Death -- Drama | ||
| 653 | _aRevenge -- Drama | ||
| 653 | _aHamlet (Legendary character) -- Drama | ||
| 653 | _aPrinces -- Drama | ||
| 653 | _aDenmark -- Drama | ||
| 653 | _aMurder victims' families -- Drama | ||
| 700 | 1 |
_aZamenhof, L. L. _q(Ludwik Lejzer), _d1859-1917 |
|
| 740 | 0 | _aHamlet. Esperanto | |
| 830 | 0 |
_aProject Gutenberg _v37279 |
|
| 856 | 4 | 0 | _uhttp://www.gutenberg.org/ebooks/37279 |
| 942 | _cEB | ||
| 999 |
_c266533 _d266533 |
||